| 000 | 01133cam a22002654a 4500 | ||
|---|---|---|---|
| 005 | 20230824134320.0 | ||
| 008 | 010821s2002 nyua 001 0 eng | ||
| 010 | _a 2001046621 | ||
| 020 | _a0471083909 (pbk. : alk. paper) | ||
| 040 |
_aDLC _cDLC _dDLC |
||
| 042 | _apcc | ||
| 082 | 0 | 0 |
_a621.382 _221 _bBOU-D |
| 100 | 1 |
_aBourne, Jennie, _d1951- |
|
| 245 | 1 | 0 |
_aDSL : _ba Wiley tech brief / _cJennie Bourne, Dave Burstein. |
| 260 |
_aNew York : _bWiley, _cc2002. |
||
| 300 |
_axiv, 210 p. : _bill. ; _c24 cm. |
||
| 650 | 0 | _aDigital subscriber lines. | |
| 700 | 1 |
_aBurstein, Dave, _d1951- |
|
| 856 | 4 | 2 |
_3Contributor biographical information _uhttp://www.loc.gov/catdir/bios/wiley043/2001046621.html |
| 856 | 4 | 2 |
_3Publisher description _uhttp://www.loc.gov/catdir/description/wiley036/2001046621.html |
| 856 | 4 | 1 |
_3Table of contents _uhttp://www.loc.gov/catdir/toc/wiley021/2001046621.html |
| 906 |
_a7 _bcbc _corignew _d1 _eocip _f20 _gy-gencatlg |
||
| 999 |
_c33288 _d33288 |
||